000
00287nam a22001337a 4500
020
_a
978-81-226-1337-7
082
_a
894.812
_b
CHE/B
100
_a
CHERUKADU
245
_a
BALASAHITHYAM
260
_a
THRISSUR
_b
CURRENT BOOKS
_c
2018
300
_a
135
520
_a
SHORT STORY
942
_c
BK
999
_c
7131
_d
7131